Normal view
MARC view
- Mulligan, Mark,
Entry Personal Name
001 - CONTROL NUMBER
- control field: 29861
003 - CONTROL NUMBER IDENTIFIER
- control field: NUST
005 - DATE AND TIME OF LATEST TRANSACTION
- control field: 20200904100927.0
008 - FIXED-LENGTH DATA ELEMENTS
- fixed length control field: 200904|| aca||aabn | a|a d
040 ## - CATALOGING SOURCE
- Original cataloging agency: NUST
- Transcribing agency: NUST
100 ## - HEADING--PERSONAL NAME
- Personal name: Mulligan, Mark,
- Dates associated with a name: 1970-
670 ## - SOURCE DATA FOUND
- Source citation: Work cat.: (NUST): Environmental modelling :, c2004.
